Tribhuvan University Central Library

Comparative social dynamics (Record no. 47727)

MARC details
000 -LEADER
fixed length control field 00853 a2200337 4500
020 ## - INTERNATIONAL STANDARD BOOK NUMBER
International Standard Book Number 0-86531-633-3
041 ## - LANGUAGE CODE
Language code of text/sound track or separate title Eng
082 ## - DEWEY DECIMAL CLASSIFICATION NUMBER
Classification number 303.4
Item number C66c
100 ## - MAIN ENTRY--PERSONAL NAME
Personal name Cohen, Erik, ed.
9 (RLIN) 1550
100 ## - MAIN ENTRY--PERSONAL NAME
Personal name Lissak, Moshe, ed.
9 (RLIN) 1551
100 ## - MAIN ENTRY--PERSONAL NAME
Personal name Almagor, Uri, ed.
9 (RLIN) 1552
245 ## - TITLE STATEMENT
Title Comparative social dynamics
260 ## - PUBLICATION, DISTRIBUTION, ETC.
Place of publication, distribution, etc. London
Name of publisher, distributor, etc. Western Press
Date of publication, distribution, etc. 1985
300 ## - PHYSICAL DESCRIPTION
Extent xi, 409p.
504 ## - BIBLIOGRAPHY, ETC. NOTE
Bibliography, etc. note Includes bibliography
650 ## - SUBJECT ADDED ENTRY--TOPICAL TERM
Topical term or geographic name entry element Social change
650 ## - SUBJECT ADDED ENTRY--TOPICAL TERM
Topical term or geographic name entry element Modernization
9 (RLIN) 1553
650 ## - SUBJECT ADDED ENTRY--TOPICAL TERM
Topical term or geographic name entry element Civilization
9 (RLIN) 678
650 ## - SUBJECT ADDED ENTRY--TOPICAL TERM
Topical term or geographic name entry element Social conditions
650 ## - SUBJECT ADDED ENTRY--TOPICAL TERM
Topical term or geographic name entry element Ethnology
9 (RLIN) 1554
650 ## - SUBJECT ADDED ENTRY--TOPICAL TERM
Topical term or geographic name entry element Addresses, essays, lectures
650 ## - SUBJECT ADDED ENTRY--TOPICAL TERM
Topical term or geographic name entry element Society
9 (RLIN) 244
650 ## - SUBJECT ADDED ENTRY--TOPICAL TERM
Topical term or geographic name entry element Leadership
650 ## - SUBJECT ADDED ENTRY--TOPICAL TERM
Topical term or geographic name entry element Muslims
9 (RLIN) 1169
651 ## - SUBJECT ADDED ENTRY--GEOGRAPHIC NAME
Geographic name India
651 ## - SUBJECT ADDED ENTRY--GEOGRAPHIC NAME
Geographic name China
651 ## - SUBJECT ADDED ENTRY--GEOGRAPHIC NAME
Geographic name Israel
9 (RLIN) 1556
653 ## - INDEX TERM--UNCONTROLLED
Uncontrolled term Sociology
942 ## - ADDED ENTRY ELEMENTS (KOHA)
Source of classification or shelving scheme Dewey Decimal Classification
Koha item type General Collections
518 ## - DATE/TIME AND PLACE OF AN EVENT NOTE
-- 2010-11-28
Holdings
Withdrawn status Lost status Source of classification or shelving scheme Damaged status Not for loan Home library Current library Date acquired Total Checkouts Full call number Barcode Date last seen Price effective from Koha item type
    Dewey Decimal Classification     Tribhuvan University Central Library Tribhuvan University Central Library 01/05/2011   303.4 C66c G42120 01/05/2011 01/05/2011 General Collections